000 00652nam a2200193 i 4500
001 101434
003 ES-MaACL
005 20250822022745.0
007 t|
008 051018s1906 fr ||||1| fre d
100 1 _aNayrac, Jean Paul.
_9213911
245 1 0 _aPhysiologie et psychologie de l'attention
_b: évolution, dissolution, rééducation, éducation /
_cpar Jean Paul Nayrac ; préface de Th. Ribot.
260 _aParis :
_bFélix Alcan,
_c1906.
300 _aXI, 223 p. ;
_c23 cm.
650 0 7 _aAtención
_2embne
_910397
700 1 _aRibot, Théodule,
_d1839-1916
_996838
852 _aES-MaACL
_jB-6871
999 _c101434
_d101434